00986cam a2200301 i 45000010008000000030004000080050017000120080041000290100017000700150009000870200015000960200022001110400018001330820013001511000051001642450077002152600056002923000036003485000022003845040030004066500021004366500023004577000040004809060045005209420012005659990015005779520092005921338042OSt20230627153543.0790906s1980 enk b 001 0 eng  a 79040854  aGB80 a0070841055 a0070841063 (pbk.) aDLCcDLCdDLC00a336bATK1 aAtkinson, A. B.q(Anthony Barnes),d1944-2017.10aLectures on public economics /cAnthony B. Atkinson, Joseph E. Stiglitz. aLondon ;aNew York :bMcGraw-Hill Book Co.,cc1980. axvi, 619 p. :bgraphs ;c23 cm. aIncludes indexes. aBibliography: p. 577-604. 0aFinance, Public. 0aWelfare economics.1 aStiglitz, Joseph E.,ejoint author. a7bcbccorignewd1eocipf19gy-gencatlg 2ddccBK c2897d2897 00102ddc4070a002b002d2023-06-27l0o336 ATKp10000670r2023-06-27w2023-06-27yBK